|
|
|
|
| LEADER |
00000nam a2200000 a 4500 |
| 001 |
vtls001287052 |
| 003 |
SK-MaSNL |
| 005 |
20260331203635.0 |
| 008 |
250313s1943 xo slo |
| 020 |
|
|
|c 2000,00
|
| 035 |
|
|
|a SNK000238610
|
| 035 |
|
|
|a urn:nbn:sk:snk-am3ibas
|
| 035 |
|
|
|a urn:nbn:sk:snk-am00e0rj
|
| 035 |
|
|
|a F8156F58-908D-40F1-BF69-510ECBB3FD3F
|
| 040 |
|
|
|a SNK
|b slo
|c SNK
|e AACR2
|
| 041 |
0 |
|
|a slo
|
| 044 |
|
|
|a xo
|c SK
|
| 080 |
|
|
|a 243:282
|2 1981
|
| 100 |
1 |
|
|a Janovčík, Štefan,
|d 1857-1933
|4 zos
|9 158859
|
| 245 |
1 |
|
|a Malé Aleluja
|b modlitebná a spevácka knižka pre katolícku mládež
|c sostavil Štefan Janovčík
|
| 250 |
|
|
|a 59 vyd.
|
| 260 |
|
|
|a Ružomberok
|b Lev
|c 1943
|e Ružomberok
|f Lev
|
| 300 |
|
|
|a 352 s.
|c 13 cm
|
| 610 |
0 |
7 |
|a Rímskokatolícka cirkev
|x knihy modlitebné pre mládež
|2 SNK
|9 729530
|
| 611 |
1 |
7 |
|a Rímskokatolícka cirkev
|x knihy modlitebné pre mládež
|2 SNK
|9 729531
|
| 650 |
0 |
7 |
|a knihy modlitebné katolícke pre mládež
|2 SNK
|9 729532
|
| 852 |
|
|
|a Slovenská národná knižnica
|
| 958 |
|
|
|a OND
|
| 999 |
|
|
|c 1143921
|d 1145851
|
| 952 |
|
|
|t P60, <91>, [BOOK], {603}
|a SNK
|b SNK
|y NEVYP
|7 0
|p 17A0063336
|o snkSE 9267
|i snkK 406/97
|0 0
|1 0
|4 0
|d 1997-05-15
|f 1
|l 0
|r 2005-01-02 00:00:00
|w 2026-02-24
|